000 00668nam a2200205 i 4500
001 67015
003 ES-MaACL
005 20250812173809.0
007 t|
008 040430s1914 sp ||||1| spa d
080 _a821.134.2-14"19"
100 1 _aRodríguez Pinilla, Cándido.
_9143127
245 1 0 _aCancionero de Santa Teresa
_b: poesías originales /
_cde Cándido R. Pinilla ; con un prólogo de Luis Maldonado.
250 _a2ª ed.
260 _aSalamanca :
_b[s.n.],
_c1914 (
_fFrancisco Núñez Izquierdo)
300 _a13, [3] p. ;
_c22 cm.
700 1 _aMaldonado, Luis,
_d1860-1926
_9143126
852 4 _aES-MaACL
_j2170-F-16
999 _c67015
_d67015